000 00529nam a22002057a 4500
003 OSt
005 20140310183038.0
008 130221t xxu||||| |||| 00| 0 eng d
020 _a9718563083
050 _aCT 1791
_b.K52 2001
082 _aFIL 959.9092
_bK53 2001
245 _aGreat & famous Filipinos
_cKing, Jenny
260 _a[Pasig]
_bWorldlink Books
_cc2001
300 _a103 p.
_bill.
_c22 cm.
521 _acollege students
526 _c1210L-1700L
541 _j1
562 _e1
942 _2lcc
_cBK
_kFIL
999 _c18502
_d18502